000 02209nam a2200325 4500
001 375
003 OSt
005 20250528074019.0
008 250403b |||||||j |||| 00| 1 eng d
020 _a9786555116052
040 _bpor
041 _apor
082 _aB869.93
_bM998
245 _aO Mysterio /
_cNeto, Coelho ; Peixoto, Alfrânio ; Albuquerque, Medeiros e ; Corrêa, Viriato
260 _aRio de Janeiro
_bHarperCollins
_c2024
300 _a265 p.
520 _a Clube do Crime apresenta o primeiro romance policial brasileiro, com posfácio de Tito Prates. Pedro Albergaria é um assíduo leitor de romances policiais, mas não apenas pelo prazer da leitura, afinal, os usa como material de estudo para a vingança que planeja contra o banqueiro Sanches Lobo. Tudo está ao seu favor, até a investigação policial - mesmo que os envolvidos não saibam -, no entanto, o major Mello Bandeira não deixará o assassino sair impune. Com ajuda da sua lanterna furta-fogo - à moda dos detetives em outras partes do mundo -, o investigador acaba no meio de uma trama envolvendo um número razoável de homens chamados Pedro e mulheres chamadas Rosa. E caberá ao Sherlock dos trópicos descobrir quem, dentre os vários suspeitos, foi o responsável por matar o banqueiro. Considerado o primeiro romance policial da literatura brasileira, O mystério é um clássico nacional perdido, cuja primeira publicação em forma de folhetim ocorreu há mais de cem anos, em 1920, no jornal A folha. Com um singular estilo de escrita, esta é uma divertida e imperdível história, autoral de grandes nomes da história do Brasil: Afrânio Peixoto, Coelho Neto, & (Medeiros e Albuquerque) e Viriato Corrêa.
650 0 _aLiteratura Brasileira
_9205
650 0 _aRomance Policial
_911
650 0 _aSuspense
_910
650 0 _aMistério
_942
650 0 _aClássico Nacional
_9772
655 0 _aRomance
_923
655 0 _aFicção
_922
700 _aNeto Coelho
_d1864- 1934
_eEscritor
_9775
700 _aPeixoto Alfrânio
_d1876- 1947
_eEscritor
_9776
700 _a Albuquerque e Medeiros
_d1867- 1934
_eEscritor
_9777
700 _aCorrêa Viriato
_d1884- 1967
_eEscritor
942 _2ddc
_n0
_cBK
999 _c375
_d375